[Event "14. Lichtenberger Sommer"]
[Site "14. Lichtenberger Sommer"]
[Date "2015.08.15"]
[Round "1.1"]
[White "Stern, René"]
[Black "Getzuhn, Detlef"]
[Result "1-0"]
[WhiteElo "2536"]
[BlackElo "1889"]
[PlyCount "53"]
[EventDate "2015.??.??"]
[WhiteTeam "SK König Tegel"]
[BlackTeam "SV Senat (FV Schach)"]

1. d4 c5 2. d5 f5 3. c4 e5 4. e4 d6 5. exf5 Bxf5 6. Nc3 Nf6 7. Nge2 Be7 8. Ng3
Bg6 9. Bd3 Bxd3 10. Qxd3 O-O 11. O-O a6 12. a4 Nbd7 13. Ra3 Ne8 14. Nge4 g6 15.
Bh6 Rf7 16. h3 Ng7 17. g4 g5 18. Qe3 Nf8 19. Nxg5 Rf4 20. Nge4 Ng6 21. Ne2 Rf8
22. f4 Nxf4 23. Nxf4 exf4 24. Rxf4 Rxf4 25. Qxf4 Qd7 26. Rf3 Rf8 27. Qxf8+ 1-0

[Event "14. Lichtenberger Sommer"]
[Site "14. Lichtenberger Sommer"]
[Date "2015.08.15"]
[Round "1.2"]
[White "Große-Honebrink, Brigitte"]
[Black "Poetsch, Hagen"]
[Result "0-1"]
[WhiteElo "1887"]
[BlackElo "2498"]
[PlyCount "56"]
[EventDate "2015.??.??"]
[WhiteTeam "SC Kreuzberg"]
[BlackTeam "SF Schöneck"]

1. d4 d5 2. Nf3 Bg4 3. Bf4 Bxf3 4. exf3 e6 5. Bd3 c5 6. Bxb8 Qxb8 7. Bb5+ Kd8
8. dxc5 Qe5+ 9. Be2 Qxb2 10. Nd2 Bxc5 11. O-O Kc7 12. Nb3 Qc3 13. Qd3 Qxd3 14.
cxd3 Bb6 15. Rfc1+ Kd6 16. d4 Ne7 17. a4 Nc6 18. Rd1 a5 19. Rac1 Rhc8 20. Bb5
Nb4 21. Kf1 Na2 22. Rxc8 Rxc8 23. Rd2 Nc3 24. Rc2 Rc7 25. Be8 Ke7 26. Nc5 Kxe8
27. Rxc3 Bxc5 28. dxc5 b6 0-1

[Event "14. Lichtenberger Sommer"]
[Site "14. Lichtenberger Sommer"]
[Date "2015.08.15"]
[Round "1.3"]
[White "Abel, Dennes"]
[Black "Bezy, Cedric"]
[Result "1-0"]
[WhiteElo "2435"]
[BlackElo "1780"]
[PlyCount "53"]
[EventDate "2015.??.??"]
[WhiteTeam "SK Ricklingen"]
[BlackTeam "La Diagonale - Eybens"]

1. d4 Nf6 2. c4 e6 3. g3 Bb4+ 4. Bd2 c5 5. Bg2 O-O 6. Nf3 Qb6 7. O-O Bxd2 8.
Qxd2 Nc6 9. dxc5 Qxc5 10. b3 d5 11. cxd5 Nxd5 12. Rc1 Qb6 13. Nc3 Rd8 14. Na4
Qc7 15. Nd4 Nde7 16. Qb2 Bd7 17. Nb5 Qa5 18. Nd6 Qc7 19. Qa3 Be8 20. Rd1 a6 21.
Rac1 b5 22. Nxe8 Rxe8 23. Nc5 Qb6 24. Nd7 Qc7 25. Qd6 Rac8 26. Qxc7 Rxc7 27.
Ne5 1-0

[Event "14. Lichtenberger Sommer"]
[Site "14. Lichtenberger Sommer"]
[Date "2015.08.15"]
[Round "1.4"]
[White "Matitschka, Heinz"]
[Black "Berger, Steve"]
[Result "0-1"]
[WhiteElo "1910"]
[BlackElo "2420"]
[PlyCount "48"]
[EventDate "2015.??.??"]
[WhiteTeam "TSG Oberschöneweide"]
[BlackTeam "SK König Tegel"]

1. d4 e6 2. c4 Nf6 3. Nc3 Bb4 4. e3 b6 5. Nge2 Ba6 6. Ng3 Bxc3+ 7. bxc3 d5 8.
Qf3 Qd7 9. cxd5 Qxd5 10. Bxa6 Qxf3 11. gxf3 Nxa6 12. e4 c5 13. Be3 Rc8 14. Kd2
Ke7 15. Bg5 h6 16. Bxf6+ gxf6 17. Rac1 Rhd8 18. Ke3 cxd4+ 19. cxd4 Nb4 20. Ne2
Nxa2 21. Rxc8 Rxc8 22. Kd2 Nb4 23. Nc3 Rc4 24. Nb5 a6 0-1

[Event "14. Lichtenberger Sommer"]
[Site "14. Lichtenberger Sommer"]
[Date "2015.08.15"]
[Round "1.5"]
[White "Malek, Daniel"]
[Black "Mauch, Johannes"]
[Result "1-0"]
[WhiteElo "2398"]
[BlackElo "1795"]
[PlyCount "61"]
[EventDate "2015.??.??"]
[WhiteTeam "SK Zehlendorf"]
[BlackTeam "fb Jena"]

1. d4 Nf6 2. c4 g6 3. Nc3 Bg7 4. e4 d6 5. Nf3 O-O 6. Be2 e5 7. O-O Nc6 8. d5
Ne7 9. b4 Ne8 10. c5 f5 11. Nd2 Nf6 12. a4 Kh8 13. f3 Rg8 14. Nc4 f4 15. Ba3 g5
16. b5 Ne8 17. b6 c6 18. cxd6 Ng6 19. a5 axb6 20. dxc6 bxc6 21. Nxb6 Ra7 22.
Bc4 Ba6 23. Bc5 Bf8 24. Bxg8 Bxf1 25. Qxf1 Kxg8 26. d7 Nf6 27. Bf2 Nxd7 28.
Nxd7 Rxd7 29. a6 Qa8 30. Na4 Qd8 31. Nb6 1-0

[Event "14. Lichtenberger Sommer"]
[Site "14. Lichtenberger Sommer"]
[Date "2015.08.15"]
[Round "1.6"]
[White "Bergmann, Jens"]
[Black "Figura, Atila Gajo"]
[Result "0-1"]
[WhiteElo "1907"]
[BlackElo "2384"]
[PlyCount "66"]
[EventDate "2015.??.??"]
[WhiteTeam "SK Tempelhof 1931"]
[BlackTeam "SC Kreuzberg"]

1. e4 c5 2. c4 g6 3. g3 Bg7 4. Bg2 Nc6 5. Nc3 d6 6. Nf3 Bd7 7. d3 a6 8. Be3 Nd4
9. O-O e6 10. Qd2 h6 11. Rab1 Ne7 12. Ne1 Nec6 13. Nc2 O-O 14. h3 Kh7 15. Kh2
Rb8 16. Rfc1 b5 17. b3 f5 18. f4 b4 19. Na4 Nxc2 20. Qxc2 Nd4 21. Bxd4 Bxd4 22.
Nb2 e5 23. Rf1 g5 24. fxe5 f4 25. gxf4 gxf4 26. exd6 Qh4 27. Rf3 Rg8 28. Rbf1
Rg3 29. Qd2 Rbg8 30. Qxf4 Rxg2+ 31. Kh1 Qxf4 32. Rxf4 Bg1 33. Rf7+ Kh8 0-1

[Event "14. Lichtenberger Sommer"]
[Site "14. Lichtenberger Sommer"]
[Date "2015.08.15"]
[Round "1.7"]
[White "Kalinitschew, Sergey"]
[Black "Seefeld, Marc"]
[Result "1-0"]
[WhiteElo "2410"]
[BlackElo "1894"]
[PlyCount "93"]
[EventDate "2015.??.??"]
[WhiteTeam "SC Kreuzberg"]
[BlackTeam "Läufer Reinickendorf"]

1. Nf3 d5 2. c4 e6 3. g3 Nf6 4. Bg2 Be7 5. O-O O-O 6. b3 c5 7. Bb2 Nc6 8. e3 a6
9. d4 cxd4 10. exd4 Rb8 11. Nbd2 dxc4 12. bxc4 b5 13. c5 Bb7 14. a4 b4 15. Re1
a5 16. Rc1 Qc7 17. Qc2 Rfd8 18. Nc4 Ba6 19. Qb3 Bxc4 20. Rxc4 Nd5 21. Rc2 Bf6
22. Rc4 Nde7 23. Ne5 Bxe5 24. dxe5 Rd7 25. Rcc1 Rbd8 26. Rcd1 Rxd1 27. Rxd1
Rxd1+ 28. Qxd1 Qd8 29. Qd6 Kf8 30. Kf1 Qxd6 31. exd6 Nd5 32. Ke2 f6 33. Kd3 Ke8
34. Kc4 Kd7 35. Bxd5 exd5+ 36. Kxd5 Nd8 37. g4 Nc6 38. f4 h6 39. h4 Nd8 40. h5
Nc6 41. g5 fxg5 42. fxg5 hxg5 43. Bxg7 g4 44. h6 g3 45. h7 g2 46. h8=Q g1=Q 47.
Qh3+ 1-0

[Event "14. Lichtenberger Sommer"]
[Site "14. Lichtenberger Sommer"]
[Date "2015.08.15"]
[Round "1.8"]
[White "Rollwitz, Jürgen"]
[Black "Muse, Drazen"]
[Result "0-1"]
[WhiteElo "1950"]
[BlackElo "2408"]
[PlyCount "81"]
[EventDate "2015.??.??"]
[WhiteTeam "SC Rochade (Berlin)"]
[BlackTeam "SK König Tegel"]

1. e4 Nc6 2. Nf3 d6 3. d3 g6 4. Be2 Bg7 5. c3 Nf6 6. h3 O-O 7. O-O e5 8. Be3 d5
9. Qd2 dxe4 10. Ng5 exd3 11. Bxd3 h6 12. Nxf7 Rxf7 13. Bc4 Qxd2 14. Nxd2 Na5
15. Bxf7+ Kxf7 16. b4 Nc6 17. a4 Nd5 18. Rac1 Bf5 19. Rfe1 Rd8 20. Nb3 Nxe3 21.
Rxe3 b6 22. Ree1 Be6 23. Rb1 Rd3 24. Re3 e4 25. b5 Rxe3 26. fxe3 Ne7 27. Nd4
Bc4 28. Kf2 h5 29. Rb4 Bd3 30. c4 Bxd4 31. exd4 Nf5 32. c5 Ke6 33. a5 Kd5 34.
cxb6 cxb6 35. axb6 axb6 36. g4 hxg4 37. hxg4 Nxd4 38. g5 Nc2 39. Rb1 e3+ 40.
Kf3 e2 41. Kf2 0-1

[Event "14. Lichtenberger Sommer"]
[Site "14. Lichtenberger Sommer"]
[Date "2015.08.15"]
[Round "1.9"]
[White "Brüdigam, Martin"]
[Black "Silies, Martin"]
[Result "1-0"]
[WhiteElo "2371"]
[BlackElo "1880"]
[PlyCount "83"]
[EventDate "2015.??.??"]
[WhiteTeam "SK König Tegel"]
[BlackTeam "SF St.Johannes Spelle"]

1. e4 e5 2. Nf3 Nc6 3. Bc4 Bc5 4. b4 Bxb4 5. c3 Ba5 6. d4 d6 7. Qb3 Nxd4 8.
Nxd4 exd4 9. O-O Bxc3 10. Nxc3 dxc3 11. e5 Be6 12. exd6 Bxc4 13. Qxc4 cxd6 14.
Qxc3 Qf6 15. Qa3 Ne7 16. Bb2 Qg6 17. Rfe1 Kf8 18. Rad1 Nf5 19. Qf3 h5 20. Qxb7
Rd8 21. Qc7 Ra8 22. Rd5 Kg8 23. Qd7 Nh6 24. Rxd6 Qc2 25. Rd2 Qf5 26. Qxf5 Nxf5
27. Re5 Nh4 28. Rg5 Ng6 29. f4 Rh7 30. Rgd5 Rh8 31. g3 h4 32. f5 Ne7 33. Re5
Nc6 34. Rc5 Rd8 35. Rxd8+ Nxd8 36. g4 Kh7 37. Kf2 Re8 38. Rc8 f6 39. Bc3 Rg8
40. Rc7 Kh6 41. Bd2+ g5 42. Bb4 1-0

[Event "14. Lichtenberger Sommer"]
[Site "14. Lichtenberger Sommer"]
[Date "2015.08.15"]
[Round "1.10"]
[White "Boeck, Rüdiger"]
[Black "Dauth, Benjamin"]
[Result "0-1"]
[WhiteElo "1815"]
[BlackElo "2360"]
[PlyCount "66"]
[EventDate "2015.??.??"]
[WhiteTeam "SC Weiße Dame Ulm"]
[BlackTeam "SC Rotation Pankow"]

1. e4 e5 2. Nf3 Nc6 3. Bc4 Bc5 4. O-O d6 5. h3 Qf6 6. d3 Nge7 7. Nc3 a6 8. Be3
h6 9. Bxc5 dxc5 10. Ne2 Bxh3 11. gxh3 Qxf3 12. Ng3 Qxd1 13. Raxd1 Rd8 14. f4 b5
15. Bb3 exf4 16. Nh5 g5 17. Nf6+ Kf8 18. c3 Kg7 19. Ng4 h5 20. Nh2 Ng6 21. Nf3
f6 22. d4 g4 23. hxg4 hxg4 24. Nh2 cxd4 25. cxd4 Nxd4 26. Nxg4 Rh3 27. Nh2 f3
28. Rf2 c5 29. Bd5 Ne5 30. b4 Ne2+ 31. Kf1 Nc3 32. Rdd2 cxb4 33. Nxf3 Rxf3 0-1

[Event "14. Lichtenberger Sommer"]
[Site "14. Lichtenberger Sommer"]
[Date "2015.08.15"]
[Round "1.11"]
[White "Bazarov, Konstantin"]
[Black "Wimmer, Thomas"]
[Result "1-0"]
[WhiteElo "2321"]
[BlackElo "1904"]
[PlyCount "43"]
[EventDate "2015.??.??"]
[WhiteTeam "Moscow"]
[BlackTeam "SK Marburg"]

1. d4 Nf6 2. c4 g6 3. Nc3 Bg7 4. e4 d6 5. Bd3 O-O 6. Nge2 e5 7. d5 a5 8. O-O
Na6 9. Bc2 Ne8 10. Be3 f5 11. exf5 gxf5 12. f4 Nf6 13. h3 Nh5 14. Qd2 b6 15.
Rab1 Nc5 16. Rf3 e4 17. Rff1 Ba6 18. b3 Rf7 19. a3 a4 20. b4 Nb3 21. Bxb3 axb3
22. b5 1-0

[Event "14. Lichtenberger Sommer"]
[Site "14. Lichtenberger Sommer"]
[Date "2015.08.15"]
[Round "1.12"]
[White "Dittrich, Tom"]
[Black "Von Herman, Ulf"]
[Result "0-1"]
[WhiteElo "1813"]
[BlackElo "2375"]
[PlyCount "88"]
[EventDate "2015.??.??"]
[WhiteTeam "SG Stadtilm"]
[BlackTeam "SK König Tegel"]

1. e4 e6 2. d4 d5 3. Nc3 Bb4 4. e5 Ne7 5. a3 Bxc3+ 6. bxc3 b6 7. Qg4 Ng6 8. Bd3
Ba6 9. Bxa6 Nxa6 10. Ne2 Nb8 11. h4 h5 12. Qg3 Nc6 13. Bg5 Nce7 14. Nf4 Nxf4
15. Qxf4 Rc8 16. Qd2 c5 17. Rh3 Qc7 18. Bxe7 Qxe7 19. Ra2 cxd4 20. cxd4 Rc4 21.
Rb2 O-O 22. Qe2 Rxd4 23. Qxh5 Re4+ 24. Kf1 Qc7 25. Rg3 Qxe5 26. Qxe5 Rxe5 27.
Rc3 d4 28. Rc7 Ra5 29. Rb3 f6 30. h5 Rf7 31. Rc8+ Kh7 32. g4 Rg5 33. f3 e5 34.
Kg2 e4 35. Kg3 exf3 36. Rxf3 Rd7 37. Re8 Rdd5 38. Kf4 Rc5 39. Re2 Rc4 40. Rd3
Ra5 41. Red2 Rc3 42. Rxd4 Rcxa3 43. Rd5 R5a4+ 44. Kf5 Rf3+ 0-1

[Event "14. Lichtenberger Sommer"]
[Site "14. Lichtenberger Sommer"]
[Date "2015.08.15"]
[Round "1.13"]
[White "Schild, Christoph"]
[Black "Kautz, Stefan"]
[Result "1-0"]
[WhiteElo "2375"]
[BlackElo "1919"]
[PlyCount "39"]
[EventDate "2015.??.??"]
[WhiteTeam "SK Freiburg-Zähringen 1887 e.V."]
[BlackTeam "SC Empor Maulwurf Bonn"]

1. c4 c5 2. Nc3 Nf6 3. g3 e6 4. Nf3 Nc6 5. Bg2 Be7 6. O-O O-O 7. d4 cxd4 8.
Nxd4 a6 9. b3 Qc7 10. Bb2 b6 11. Rc1 Bb7 12. Nd5 Qd8 13. Nxe7+ Qxe7 14. e4 d5
15. Nxc6 Bxc6 16. cxd5 Bb5 17. d6 Qd8 18. Re1 Rc8 19. a4 Bc6 20. Qd4 1-0

[Event "14. Lichtenberger Sommer"]
[Site "14. Lichtenberger Sommer"]
[Date "2015.08.15"]
[Round "1.15"]
[White "Gullaksen, Eirik"]
[Black "Zesewitz, Martin"]
[Result "1-0"]
[WhiteElo "2345"]
[BlackElo "1873"]
[PlyCount "67"]
[EventDate "2015.??.??"]
[WhiteTeam "Bergens schakklub"]
[BlackTeam "SF Friedrichshagen"]

1. d4 f5 2. c4 Nf6 3. Nc3 e6 4. Nf3 Be7 5. g3 O-O 6. Bg2 d6 7. O-O Qe8 8. Qc2
Nbd7 9. e4 Nxe4 10. Nxe4 fxe4 11. Qxe4 Bf6 12. Re1 Nb6 13. d5 Na4 14. Qc2 e5
15. Be3 Bg4 16. Nd2 Nc5 17. b4 Qa4 18. Be4 Qxc2 19. Bxc2 Nd7 20. c5 Be7 21. c6
Nf6 22. cxb7 Rab8 23. Bb3 Rxb7 24. Rac1 Bh5 25. Nc4 Rxb4 26. Na5 Be8 27. Rxc7
Bd8 28. Rxa7 Rb5 29. Nc6 Bb6 30. Ne7+ Kh8 31. Bxb6 Rxb6 32. Nc8 Rb4 33. Nxd6
Ng4 34. Ra8 1-0

[Event "14. Lichtenberger Sommer"]
[Site "14. Lichtenberger Sommer"]
[Date "2015.08.15"]
[Round "1.16"]
[White "Scholta, Danilo"]
[Black "De Marchi, Olivier"]
[Result "0-1"]
[WhiteElo "1861"]
[BlackElo "2283"]
[PlyCount "78"]
[EventDate "2015.??.??"]
[WhiteTeam "SV Empor Berlin"]
[BlackTeam "La Diagonale - Eybens"]

1. d4 Nf6 2. e3 g6 3. Bd3 Bg7 4. f4 O-O 5. Nf3 c5 6. c3 b6 7. Qe2 a5 8. a4 Ba6
9. O-O d5 10. b3 Ne4 11. Bb2 Bxd3 12. Qxd3 Na6 13. Nbd2 Nd6 14. Ba3 e6 15. Rac1
Qc7 16. c4 dxc4 17. Nxc4 Rfd8 18. Qe2 Nf5 19. Nce5 Qb7 20. dxc5 Nxc5 21. Bxc5
bxc5 22. Rb1 Qe4 23. Nc4 Nd4 24. Qf2 Nc6 25. Ng5 Qd3 26. h3 h6 27. Nf3 Rab8 28.
Rfd1 Qxd1+ 29. Rxd1 Rxd1+ 30. Kh2 Rxb3 31. Qc2 Rbb1 32. Qe4 Ne7 33. Qa8+ Kh7
34. Qe8 Rh1+ 35. Kg3 Nf5+ 36. Kf2 Rhf1+ 37. Ke2 Ng3+ 38. Kd3 Rb3+ 39. Kc2 Rc3+
0-1

[Event "14. Lichtenberger Sommer"]
[Site "14. Lichtenberger Sommer"]
[Date "2015.08.15"]
[Round "1.17"]
[White "Ortmann, David"]
[Black "Bieber, Rainer"]
[Result "1-0"]
[WhiteElo "2302"]
[BlackElo "1745"]
[PlyCount "67"]
[EventDate "2015.??.??"]
[WhiteTeam "SC Böblingen"]
[BlackTeam "SV Empor Berlin"]

1. Nf3 c5 2. c4 Nc6 3. d4 cxd4 4. Nxd4 g6 5. e4 Bg7 6. Be3 Nf6 7. Nc3 O-O 8.
Be2 d6 9. O-O a5 10. Qd2 Nd7 11. Ndb5 Nc5 12. Rfd1 Be6 13. f3 Ne5 14. b3 Nc6
15. Rab1 f5 16. exf5 Rxf5 17. f4 Rf8 18. Qe1 Qc8 19. Rbc1 Nb4 20. a3 Nba6 21.
Nd5 Bxd5 22. cxd5 Qd8 23. b4 axb4 24. axb4 Na4 25. Nd4 Qb6 26. b5 Nc7 27. Nf5
Nc5 28. Nxg7 Kxg7 29. Bd4+ Kg8 30. Qh4 Rf7 31. Kh1 Ra4 32. f5 Nd3 33. Bxb6 Rxh4
34. Rxc7 1-0

[Event "14. Lichtenberger Sommer"]
[Site "14. Lichtenberger Sommer"]
[Date "2015.08.15"]
[Round "1.18"]
[White "Lagunow, Elina"]
[Black "Lerch, Philipp"]
[Result "0-1"]
[WhiteElo "1745"]
[BlackElo "2302"]
[PlyCount "58"]
[EventDate "2015.??.??"]
[WhiteTeam "BSV 63 Chemie Weißensee"]
[BlackTeam "SC Kreuzberg"]

1. Nf3 c5 2. g3 b6 3. Bg2 Bb7 4. O-O Nf6 5. d3 e6 6. c4 Be7 7. Nc3 O-O 8. a3 d5
9. e3 Nc6 10. b3 dxc4 11. dxc4 Qxd1 12. Rxd1 Na5 13. Rb1 Ne4 14. Bd2 Rad8 15.
Ne2 Nxd2 16. Nxd2 Bxg2 17. Kxg2 Rd7 18. b4 Nc6 19. Ne4 Rxd1 20. Rxd1 cxb4 21.
axb4 Bxb4 22. Nd4 Ne5 23. Nb5 a5 24. Ned6 Rd8 25. Rd4 Nc6 26. Rd1 Kf8 27. e4
Ke7 28. e5 Nxe5 29. Rd4 Bxd6 0-1

[Event "14. Lichtenberger Sommer"]
[Site "14. Lichtenberger Sommer"]
[Date "2015.08.15"]
[Round "1.19"]
[White "Rietze, Clemens"]
[Black "Grassi, Fabrizio"]
[Result "1-0"]
[WhiteElo "2289"]
[BlackElo "1870"]
[PlyCount "133"]
[EventDate "2015.??.??"]
[WhiteTeam "SC Rotation Pankow"]
[BlackTeam "SV Berlin-Friedrichstadt"]

1. d4 d5 2. c4 e6 3. Nc3 Nf6 4. cxd5 exd5 5. Bg5 c6 6. e3 Be7 7. Bd3 Nbd7 8.
Qc2 Nh5 9. Bxe7 Qxe7 10. Nge2 g6 11. g4 Ng7 12. Nf4 Nb6 13. Be2 Ne6 14. Ng2 Bd7
15. O-O-O O-O-O 16. h4 Kb8 17. Bd3 h5 18. g5 Rhe8 19. Rhe1 Qd6 20. Rh1 Rc8 21.
Kb1 a6 22. Na4 c5 23. Nxc5 Nxc5 24. dxc5 Rxc5 25. Qd2 Rec8 26. Nf4 Ba4 27. Rc1
Rxc1+ 28. Rxc1 Rxc1+ 29. Kxc1 Qc5+ 30. Qc3 Qxc3+ 31. bxc3 Be8 32. Bc2 Kc7 33.
Bb3 Kd6 34. Kd2 Nc4+ 35. Bxc4 dxc4 36. e4 Bc6 37. Ke3 Ke5 38. f3 b5 39. Ne2 Bd7
40. a3 Bc6 41. Nd4 Bd7 42. Nc2 Be6 43. f4+ Kd6 44. Kd4 Bd7 45. Nb4 Bc8 46. Nd5
Bd7 47. Nb4 Bc8 48. e5+ Ke6 49. Nd5 Bb7 50. Ne3 Bc8 51. Kc5 Ke7 52. Nc2 Kd7 53.
Kb6 Ke6 54. Kc7 Bd7 55. Nd4+ Ke7 56. Kb6 Bc8 57. Nc6+ Ke6 58. Kc7 Bd7 59. Nb8
Kf5 60. Kxd7 Kxf4 61. Nc6 a5 62. Kd6 b4 63. Nxb4 Kg4 64. Ke7 Kf5 65. Nc6 Ke4
66. Kxf7 Kd5 67. e6 1-0

[Event "14. Lichtenberger Sommer"]
[Site "14. Lichtenberger Sommer"]
[Date "2015.08.15"]
[Round "1.20"]
[White "Ziems, Michael"]
[Black "Plump, Detlef"]
[Result "1-0"]
[WhiteElo "1821"]
[BlackElo "2216"]
[PlyCount "59"]
[EventDate "2015.??.??"]
[WhiteTeam "SV Empor Berlin"]
[BlackTeam "Bremer SG von 1877"]

1. d4 Nf6 2. c4 e6 3. Nc3 Bb4 4. Bf4 O-O 5. e3 Ne4 6. Qc2 f5 7. Bd3 Nxc3 8.
bxc3 Be7 9. Ne2 d6 10. g4 Nc6 11. gxf5 exf5 12. Rg1 Kh8 13. O-O-O Bd7 14. e4 g5
15. Be3 f4 16. Bd2 Bh3 17. e5 h6 18. e6 Bf6 19. Be4 Na5 20. Qd3 Bxe6 21. d5 Bg8
22. h4 Qe7 23. Bxf4 Rae8 24. f3 Bh7 25. hxg5 Bxe4 26. fxe4 Qxe4 27. Qh3 Bg7 28.
gxh6 Bf6 29. Rg7 Qxe2 30. Qf5 1-0

[Event "14. Lichtenberger Sommer"]
[Site "14. Lichtenberger Sommer"]
[Date "2015.08.15"]
[Round "1.21"]
[White "Krefenstein, Sergej"]
[Black "Alvarez, Luis"]
[Result "1-0"]
[WhiteElo "2184"]
[BlackElo "1853"]
[PlyCount "131"]
[EventDate "2015.??.??"]
[WhiteTeam "TuS Makkabi Berlin"]
[BlackTeam "Zug um Zug Everswinkel"]

1. e4 d5 2. exd5 Qxd5 3. Nc3 Qa5 4. d4 Nf6 5. Bc4 Bf5 6. Nf3 Nbd7 7. O-O e6 8.
Bd2 c6 9. Re1 Be7 10. d5 O-O 11. dxe6 fxe6 12. Qe2 Rae8 13. Bxe6+ Bxe6 14.
Qxe6+ Kh8 15. Ng5 h6 16. Qh3 Bb4 17. Ne6 Rf7 18. a3 Bf8 19. Nf4 Rxe1+ 20. Rxe1
Kh7 21. Qd3+ Kg8 22. Qc4 Qc5 23. Qe6 Qd6 24. Nd3 Qxe6 25. Rxe6 Nc5 26. Nxc5
Bxc5 27. Be3 Bxe3 28. fxe3 Rd7 29. h3 Kf7 30. Re5 Rd2 31. Rf5 Rxc2 32. Rf2 Rc1+
33. Kh2 Ke6 34. Re2 b5 35. Na2 Rd1 36. Nc3 Rc1 37. Kg3 Rf1 38. Rc2 Kd7 39. Ne2
Ne4+ 40. Kh2 c5 41. Nf4 Kd6 42. h4 Re1 43. Ne2 a6 44. Kh3 h5 45. Kh2 Nf6 46.
Kg3 Ng4 47. Kf4 Rf1+ 48. Kg5 Nxe3 49. Rd2+ Ke7 50. Nf4 Kf7 51. Rd7+ Ke8 52. Rd6
Nc4 53. Rxa6 Nxb2 54. Nxh5 Rf2 55. Nxg7+ Kd7 56. g4 c4 57. Ne6 Rd2 58. Nc5+ Ke7
59. Rf6 c3 60. Nb3 c2 61. Rf3 Nd3 62. h5 Ke6 63. h6 c1=Q 64. Nxc1 Nxc1 65. h7
Rh2 66. Rf6+ 1-0

[Event "14. Lichtenberger Sommer"]
[Site "14. Lichtenberger Sommer"]
[Date "2015.08.15"]
[Round "1.22"]
[White "Kohlmeyer, Dagobert"]
[Black "Lorenz, Sascha"]
[Result "0-1"]
[WhiteElo "1867"]
[BlackElo "2222"]
[PlyCount "76"]
[EventDate "2015.??.??"]
[WhiteTeam "SC Rochade (Berlin)"]
[BlackTeam "SK König Tegel"]

1. e4 d6 2. d4 Nf6 3. Nc3 Nbd7 4. Bd3 e5 5. Nf3 Be7 6. O-O O-O 7. Ne2 c6 8. Ng3
Re8 9. a4 a5 10. Bd2 Bf8 11. Bc3 Qc7 12. Re1 b6 13. Bc4 h6 14. dxe5 dxe5 15.
Qe2 Nc5 16. b3 Ba6 17. Bxa6 Nxa6 18. Rad1 b5 19. Ra1 b4 20. Bb2 c5 21. h3 Nb8
22. Rad1 Nc6 23. c3 bxc3 24. Bxc3 Nd4 25. Qc4 Qb7 26. Rb1 Nc2 27. Bxe5 Nxe1 28.
Rxe1 Nd7 29. Ba1 Nb6 30. Qc3 c4 31. bxc4 Nxa4 32. Qc2 Nc5 33. Rb1 Qd7 34. Rd1
Qa4 35. Qe2 Nxe4 36. Ne5 Nxg3 37. fxg3 f6 38. Rf1 fxe5 0-1

[Event "14. Lichtenberger Sommer"]
[Site "14. Lichtenberger Sommer"]
[Date "2015.08.15"]
[Round "1.23"]
[White "Jahnz, Fabian"]
[Black "Glasser, Timon"]
[Result "1-0"]
[WhiteElo "2224"]
[BlackElo "1720"]
[PlyCount "59"]
[EventDate "2015.??.??"]
[WhiteTeam "SK König Tegel"]
[BlackTeam "La Diagonale - Eybens"]

1. e4 d6 2. d4 Nf6 3. Nc3 e5 4. dxe5 dxe5 5. Qxd8+ Kxd8 6. Bg5 c6 7. O-O-O+ Kc7
8. f4 Bd6 9. Rxd6 Kxd6 10. fxe5+ Kxe5 11. Nf3+ Ke6 12. Bc4+ Kd7 13. Ne5+ Ke7
14. Nxf7 Rf8 15. e5 Be6 16. Nd6 b5 17. Bb3 Nbd7 18. exf6+ Kxd6 19. Bf4+ Ne5 20.
Ne4+ Kd7 21. Nc5+ Kd6 22. Nxe6 Rxf6 23. Rd1+ Ke7 24. Bxe5 Rxe6 25. Bxe6 Kxe6
26. Bg3 c5 27. Rd6+ Ke7 28. Rc6 c4 29. a4 a6 30. a5 1-0

[Event "14. Lichtenberger Sommer"]
[Site "14. Lichtenberger Sommer"]
[Date "2015.08.15"]
[Round "1.24"]
[White "Stiemerling, Andreas"]
[Black "Vogel, Robert"]
[Result "0-1"]
[WhiteElo "1761"]
[BlackElo "2218"]
[PlyCount "52"]
[EventDate "2015.??.??"]
[WhiteTeam "SSV Rotation Berlin"]
[BlackTeam "SG Pang-Rosenheim"]

1. c4 e5 2. Nc3 Nc6 3. Nf3 g6 4. d4 exd4 5. Nxd4 Bg7 6. e3 Nge7 7. g3 O-O 8.
Bg2 Nxd4 9. exd4 Nf5 10. Ne2 Re8 11. O-O d6 12. Rb1 Rb8 13. b4 b5 14. cxb5 Rxb5
15. a4 Rb8 16. d5 Bd7 17. Ba3 Re7 18. b5 a6 19. Qd3 axb5 20. axb5 Qe8 21. Nc3
Nd4 22. b6 Bf5 23. Ne4 Rxe4 24. bxc7 Rxb1 25. Qxb1 Re7 26. Qb8 Nb5 0-1

[Event "14. Lichtenberger Sommer"]
[Site "14. Lichtenberger Sommer"]
[Date "2015.08.15"]
[Round "1.25"]
[White "Rohde, Wolfgang"]
[Black "Rehmsmeier, Marc"]
[Result "1-0"]
[WhiteElo "2164"]
[BlackElo "1649"]
[PlyCount "113"]
[EventDate "2015.??.??"]
[WhiteTeam "SC Friesen Lichtenberg"]
[BlackTeam "vereinslos"]

1. c4 Nf6 2. Nc3 c5 3. Nf3 Nc6 4. g3 e5 5. d3 d6 6. Bg2 Be7 7. O-O O-O 8. a3
Re8 9. Rb1 a6 10. b4 cxb4 11. axb4 d5 12. b5 axb5 13. cxb5 Nb4 14. Nxe5 d4 15.
Ne4 Nfd5 16. Bd2 f5 17. Qb3 Be6 18. Bxb4 Bxb4 19. Ng5 Qxg5 20. Bxd5 Qh6 21. Nf3
Bc3 22. e3 Rad8 23. Bxe6+ Qxe6 24. Rfc1 Qxb3 25. Rxb3 Rd5 26. exd4 Bxd4 27.
Nxd4 Rxd4 28. Rc7 Red8 29. Rxb7 Rxd3 30. Rxd3 Rxd3 31. Kf1 Rb3 32. Ke2 Rb2+ 33.
Ke3 h6 34. h4 Kh7 35. h5 Rb4 36. Rb8 Rb2 37. b6 Rb4 38. Kd3 Rb3+ 39. Kc2 Rb5
40. f4 Rc5+ 41. Kd3 Rd5+ 42. Kc4 Rd1 43. Rf8 Rc1+ 44. Kd5 Rb1 45. Kc6 Rc1+ 46.
Kb7 Rb1 47. Rxf5 Rb2 48. Rc5 Rb1 49. Kc7 g6 50. hxg6+ Kxg6 51. b7 Re1 52. b8=Q
Re7+ 53. Kb6 h5 54. Qg8+ Kf6 55. Qf8+ Rf7 56. Qh6+ Ke7 57. Rc7+ 1-0

[Event "14. Lichtenberger Sommer"]
[Site "14. Lichtenberger Sommer"]
[Date "2015.08.15"]
[Round "1.26"]
[White "Schilly, Hans-Joachim"]
[Black "Reichenbach, Werner"]
[Result "0-1"]
[WhiteElo "1839"]
[BlackElo "2241"]
[PlyCount "76"]
[EventDate "2015.??.??"]
[WhiteTeam "SF Siemensstadt"]
[BlackTeam "SC Eintracht Berlin"]

1. c4 e5 2. Nc3 Nf6 3. g3 c6 4. Bg2 d5 5. cxd5 cxd5 6. d4 exd4 7. Qxd4 Nc6 8.
Qd1 d4 9. Ne4 Nxe4 10. Bxe4 Qa5+ 11. Bd2 Qb6 12. Nf3 Be7 13. O-O O-O 14. Qc2 h6
15. Rfc1 Bd7 16. Bf5 Rad8 17. a3 Bf6 18. Rab1 Rfe8 19. Bxd7 Rxd7 20. Qf5 Qd8
21. Qb5 a6 22. Qd3 Qe7 23. Re1 Rd6 24. Rbc1 Re6 25. Kf1 Re4 26. Rc4 Qe6 27. b4
g5 28. Rc5 Be7 29. Rcc1 Qd5 30. Qc4 Qf5 31. Kg2 Bf6 32. Qc5 Qd7 33. Ng1 R4e5
34. Qc4 R8e6 35. Nf3 Re4 36. Ng1 Bg7 37. h3 d3 38. Qxd3 Rd4 0-1

[Event "14. Lichtenberger Sommer"]
[Site "14. Lichtenberger Sommer"]
[Date "2015.08.15"]
[Round "1.27"]
[White "Ferster, Fabian"]
[Black "Stein, Siegfried"]
[Result "1-0"]
[WhiteElo "2142"]
[BlackElo "1713"]
[PlyCount "33"]
[EventDate "2015.??.??"]
[WhiteTeam "SK Ottenau"]
[BlackTeam "SV Berolina Mitte"]

1. c4 c5 2. Nc3 Nc6 3. Nf3 Nf6 4. d4 cxd4 5. Nxd4 g6 6. g3 Bg7 7. Bg2 O-O 8.
O-O a6 9. Nc2 d6 10. Bf4 Nh5 11. Be3 Bd7 12. Nd5 b5 13. cxb5 axb5 14. Bb6 Qc8
15. Nd4 Re8 16. Nxc6 Bxc6 17. Rc1 1-0